000
00271nam a22001217a 4500
008
181218b xxu||||| |||| 00| 0 eng d
041
_a
eng
080
_a
510
100
_a
37
101
_a
MAY
245
_a
Plane And Spherical Trigometry
_c
Noble.B
942
_2
udc
_c
BK
999
_c
53338
_d
53338